Generation 1 Transformers by Transformation - Statistics

General Stats
  • This quiz has been taken 78 times
  • The average score is 11 of 20
Answer Stats
Hint Answer % Correct
Red Freightliner cab-over semi Optimus Prime
98%
Volkswagen Beetle Bumblebee | Goldbug
87%
Walther P-38 Megatron
75%
Cassette player (blue) Soundwave
75%
F-15 Eagle (red) Starscream
75%
Cassette player (red) Blaster
68%
F-15 Eagle (black and purple) Skywarp
68%
F-15 Eagle (blue) Thundercracker
68%
White Freightliner cab-over semi with blue trailer Ultra Magnus
68%
Nissan Onebox Vannette (red) Ironhide
55%
Nissan Onebox Vannette (white) Ratchet
55%
Porsche 928 (red) Cliffjumper
49%
Camera (gray and green) Reflector
45%
Porsche 935 (white) Jazz
43%
Excavator (light green) Scavenger
42%
Toyota Hilux (dark gray) Trailbreaker
34%
Toyota Hilux (dark green) Hoist
32%
A-10 Warthog (red) Powerglide
32%
MiG-25 and Mitsubishi T-74 Blitzwing
28%
Lancia Stratos (white) Wheeljack
28%
No matching quizzes found
Score Distribution
Percent of People with Each Score
Percentile by Number Answered
Your Score History
You have not taken this quiz